000 00410nam a2200133 i 4500
001 bg
245 0 _aIX Krajowa Konferencja "Biocybernetyka i Inżynieria Biomedyczna". :
_bmateriały konferencyjne.
_nT. 3,
_pReferaty plenarne.
246 _aBiocybernetyka i inżynieria biomedyczna
260 _aGdańsk,
_c1992.
040 _cBPK
041 _apol
942 _cKS
008 s pl f |000 0 pol
999 _c29713
_d29713
856 _uhttp://koha.tu.koszalin.pl/cgi-bin/koha/opac-detail.pl?biblionumber=29713
_yKatalog online BPK